| 000 | 00345nam a2200145Ia 4500 | ||
|---|---|---|---|
| 008 | 191201s2011 xx 000 0 und d | ||
| 082 |
_a621.38 _bKEE |
||
| 100 | _aKENNEDY george | ||
| 245 | 0 | _aElectronic Communication System | |
| 250 | _a5th | ||
| 260 |
_aN. delhi _bTMH _c2011 |
||
| 300 | _a630 | ||
| 650 | _aM.Tech (ECE) | ||
| 942 |
_2ddc _cBK _09 |
||
| 999 |
_c5067 _d5067 |
||